[Event "TCh-SRB 1st League"]
[Site "Vrnjacka Banja SRB"]
[Date "2010.08.26"]
[Round "6"]
[White "Efimenko,Z"]
[Black "Volokitin,And"]
[Result "1/2-1/2"]
[WhiteElo "2689"]
[BlackElo "2661"]

1.e4 c5 2.Nf3 d6 3.d4 cxd4 4.Nxd4 Nf6 5.Nc3 a6 6.Be2 e6 7.O-O Qc7 8.a4 b6
9.f4 Bb7 10.Bf3 Nc6 11.Be3 Na5 12.Bf2 Be7 13.e5 dxe5 14.fxe5 Qxe5 15.Bxb7 Nxb7
16.Nc6 Qc7 17.Nxe7 Qxe7 18.Bxb6 O-O 19.Qf3 Nc5 20.a5 Rac8 21.Kh1 Ncd7 22.Ra4 Rb8
23.Qe3 Qd6 24.Rd1 Qc6 25.Rb4 h6 26.h3 Rfc8 27.Qd4 Rb7 28.Qd6 Qxd6 29.Rxd6 Kf8
30.Rdd4 Ke8 31.Rb3 Rc6  1/2-1/2

[Event "TCh-SRB 1st League"]
[Site "Vrnjacka Banja SRB"]
[Date "2010.08.28"]
[Round "8"]
[White "Predojevic,B"]
[Black "Volokitin,And"]
[Result "1/2-1/2"]
[WhiteElo "2624"]
[BlackElo "2661"]

1.e4 c5 2.Nf3 d6 3.d4 cxd4 4.Nxd4 Nf6 5.Nc3 a6 6.h3 e6 7.g4 h6 8.Bg2 g5 9.b3 Nbd7
10.Bb2 Ne5 11.Qd2 b5 12.O-O-O Bb7 13.f4 gxf4 14.Qxf4 Nfd7 15.Kb1 Qc7 16.Rhf1 O-O-O
17.Nce2 Kb8 18.Ng3 Rc8 19.Qd2 Be7 20.Nh5 Bg5 21.Qe2 Rhd8 22.Nf4 Nf8 23.Bh1 Rd7
24.Nd3 Nfg6 25.Nf3 Nxd3 26.cxd3 e5 27.Qe1 Nf4 28.h4 Be7 29.Ka1 f6  1/2-1/2

[Event "Schachbundesliga 2010-11"]
[Site "Bremen GER"]
[Date "2011.02.27"]
[Round "11"]
[White "Eljanov,P"]
[Black "Volokitin,And"]
[Result "1-0"]
[WhiteElo "2761"]
[BlackElo "2661"]

1.d4 Nf6 2.c4 e6 3.Nc3 Bb4 4.e3 O-O 5.Ne2 d5 6.a3 Bd6 7.c5 Be7 8.b4 b6 9.Nf4 a5
10.Bb2 axb4 11.axb4 Rxa1 12.Bxa1 Ne4 13.Nxe4 dxe4 14.Bc4 c6 15.O-O Ba6 16.Qc2 Bg5
17.Ne2 Bxc4 18.Qxc4 b5 19.Qa2 Qd5 20.Qa3 f5 21.Nc3 Qd8 22.Bb2 Qc8 23.Ra1 Nd7
24.Qa7 Nf6 25.d5 exd5 26.Ne2 Nd7 27.h3 f4 28.exf4 Bxf4 29.Nxf4 Rxf4 30.Qa8 Rf8
31.Qxc8 Rxc8 32.Ra7 Nf6 33.g4 Re8 34.Bd4 Re6 35.Kg2 Kf8 36.Kg3 Re7 37.Ra6 Re6
38.Kf4 Ng8 39.h4 Kf7 40.Ra7+ Re7 41.Ra8 g6 42.Rc8 Re6 43.Rc7+ Ne7 44.Kg5 h5
45.gxh5 gxh5 46.Kxh5 Ke8 47.Kg5 Rg6+ 48.Kf4 Rh6 49.Kg4 Rg6+ 50.Kf4 Rh6 51.Ke5 Ng6+
52.Ke6 Kd8 53.Rf7 Nxh4+ 54.Rf6 Rh5 55.Be3 d4 56.Bxd4 Nf3 57.Be3 Rd5 58.Rf4 Nd4+
59.Kf6 Nc2 60.Rxe4 Nxe3 61.fxe3 Rh5 62.Rf4 Rh6+ 63.Ke5 Ke7 64.e4 Re6+ 65.Kd4 Rh6
66.Rg4 Kf7 67.Rg5 Rh3 68.Ke5 Ke7 69.Rg6 Rh5+ 70.Kf4 Rh4+ 71.Kf5 Rh5+ 72.Rg5 Rh7
73.Ke5 Kd7 74.Rg6 Rh1 75.Rd6+ Kc7 76.Rd4 Rc1 77.Kf4 Rf1+ 78.Kg5 Rg1+ 79.Kf5 Rf1+
80.Ke6 Rf4 81.Ke5 Rf1 82.Ke6 Rf4 83.Ke7 Rh4 84.Kf6 Rg4 85.Kf5 Rh4 86.Kg5 Rh3
87.e5 Rg3+ 88.Kf6 Rf3+ 89.Ke7 Rc3 90.e6 Rc4 91.Rd7+ Kc8 92.Kd6 Rxb4 93.e7  1-0

[Event "Donostia KO GpA"]
[Site "San Sebastian ESP"]
[Date "2012.01.05"]
[Round "7.1"]
[White "Laznicka,V"]
[Black "Volokitin,And"]
[Result "0-1"]
[WhiteElo "2703"]
[BlackElo "2695"]

1.d4 Nf6 2.c4 g6 3.Nc3 d5 4.Bg5 Ne4 5.Bh4 Nxc3 6.bxc3 dxc4 7.e3 Be6 8.Nf3 c5
9.Be2 Bg7 10.Rb1 cxd4 11.Nxd4 Bd5 12.f3 O-O 13.e4 Bc6 14.O-O Qc7 15.Rb4 a6
16.Bg3 e5 17.Kh1 b5 18.a4 Qa5 19.Nc2 Rd8 20.Qb1 Nd7 21.Ne3 Nc5 22.axb5 axb5
23.Nd5 Bxd5 24.Rxb5 Qxc3 25.exd5 Nb3 26.Be1 Qd4 27.Bf2 Qf4 28.g3 Qf6 29.Be3 Ra1
30.Qe4 Rxf1+ 31.Bxf1 Nd4 32.Bxc4  0-1

[Event "13th EICC"]
[Site "Plovdiv BUL"]
[Date "2012.03.21"]
[Round "2.107"]
[White "Volokitin,And"]
[Black "Schiendorfer,E"]
[Result "1-0"]
[WhiteElo "2695"]
[BlackElo "2349"]

1.e4 c5 2.Nf3 d6 3.d4 cxd4 4.Nxd4 Nf6 5.Nc3 a6 6.a4 e5 7.Nf3 Qc7 8.Be3 Bg4
9.Be2 Nbd7 10.O-O Be7 11.Nh4 Bxe2 12.Qxe2 g6 13.Bh6 Rc8 14.g3 Qc4 15.Qf3 Qe6
16.Bg7 Rg8 17.Bxf6 Bxf6 18.Ng2 Bg5 19.Rfd1 Rc6 20.h4 Bd8 21.Nd5 f5 22.b4 fxe4
23.Qxe4 Qf5 24.Qe1 Rf8 25.Nge3 Qe6 26.Qe2 Rc8 27.Nc4 Rc6 28.b5 Rc5 29.bxa6 bxa6
30.Qg4 Kf7 31.Nxd6+ Qxd6 32.Ne3 Nf6 33.Rxd6 Nxg4 34.Nxg4 Rxc2 35.Rxa6 Ke8
36.Rd1 h5 37.Ne3 Ra2 38.Ra8 Ke7 39.Nd5+ Ke6 40.Ra6+ Kf5 41.f3 Ra3 42.Kf2 Ra2+
43.Kf1 Ra3 44.Ke2 Ra2+ 45.Rd2 Rxd2+ 46.Kxd2 e4 47.Ne3+ Ke5 48.f4+ Kd4 49.Rc6  1-0

[Event "TCh-AUT 2012-13"]
[Site "Hohenems AUT"]
[Date "2012.11.02"]
[Round "1.1"]
[White "Volokitin,And"]
[Black "Ragger,M"]
[Result "1-0"]
[WhiteElo "2722"]
[BlackElo "2655"]

1.e4 e5 2.Nf3 Nc6 3.Bb5 a6 4.Ba4 Nf6 5.O-O Be7 6.d3 b5 7.Bb3 d6 8.a4 Rb8
9.axb5 axb5 10.Nc3 O-O 11.h3 Nb4 12.Bg5 Bd7 13.Qd2 Nh5 14.Ra7 Bxg5 15.Qxg5 Nf6
16.Rfa1 Be6 17.Bxe6 fxe6 18.Qd2 Nc6 19.R7a6 Qd7 20.Ne2 b4 21.Qe3 h6 22.d4 exd4
23.Nexd4 Nxd4 24.Nxd4 Qf7 25.Nc6 Rb5 26.Ra8 Rb6 27.Rxf8+ Qxf8 28.Nd4 d5 29.exd5 exd5
30.Qe5 Qd6 31.Ra8+ Kf7 32.Qxd6 Rxd6 33.Ra7 Ne8 34.Rb7 Kf8 35.Rb5 Ra6 36.Rxd5 Ke7
37.Kf1 Nd6 38.Ke2 Kd7 39.b3 Ra1 40.Nf3 c6 41.Rd4 c5 42.Rg4 g5 43.Ne5+ Ke7
44.h4 Ra2 45.Kd3 Kf6 46.Nc4 Nf7 47.Re4 Ra8 48.f3 Rd8+ 49.Ke2 h5 50.Nd2 Rd5
51.Rc4 Nd6 52.Ne4+ Nxe4 53.Rxe4 gxh4 54.Rxh4 Rg5 55.Kd3 Ke6 56.g4 hxg4 57.fxg4 Kd7
58.Ke4 Rg8 59.Kf4 Rf8+ 60.Kg3 Rg8 61.Rh5 Rc8 62.Kf4 Kd6 63.g5 Rf8+ 64.Ke4 Rf2
65.g6 Rg2 66.Kf5 Rf2+ 67.Kg5 Ke6 68.Kh6 Rxc2 69.g7 Rg2 70.Kh7 Kf7 71.Rf5+ Ke6
72.Rxc5 Rh2+ 73.Kg6 Rg2+ 74.Rg5 Rxg5+ 75.Kxg5 Kf7 76.Kf5  1-0

[Event "TCh-AUT 2012-13"]
[Site "Hohenems AUT"]
[Date "2012.11.04"]
[Round "3.1"]
[White "Volokitin,And"]
[Black "Erdos,V"]
[Result "1/2-1/2"]
[WhiteElo "2722"]
[BlackElo "2640"]

1.e4 e5 2.Nf3 Nc6 3.Bb5 f5 4.Nc3 fxe4 5.Nxe4 Nf6 6.Nxf6+ Qxf6 7.Qe2 Be7 8.Bxc6 bxc6
9.Nxe5 Qe6 10.Nc4 Qxe2+ 11.Kxe2 O-O 12.d3 d5 13.Ne5 Bd6 14.f4 c5 15.Nf3 Bxf4
16.Bxf4 Rxf4 17.h3 d4 18.Rhf1 Bb7 19.Ne5 Rff8 20.Rxf8+ Rxf8 21.Nf3 Bxf3+
22.gxf3 Rf5 23.Rg1 Rh5 24.Rg3 Kf7 25.f4 Kf6 26.Kf3 g5 27.fxg5+ Rxg5 28.Rg4 Rf5+
29.Kg3 Re5 30.Rf4+ Ke6 31.Rf8  1/2-1/2

[Event "TCh-AUT 2012-13"]
[Site "Graz AUT"]
[Date "2013.01.17"]
[Round "4.1"]
[White "Hera,I"]
[Black "Volokitin,And"]
[Result "1/2-1/2"]
[WhiteElo "2573"]
[BlackElo "2722"]

1.Nf3 Nf6 2.c4 g6 3.Nc3 d5 4.cxd5 Nxd5 5.e4 Nxc3 6.dxc3 Qxd1+ 7.Kxd1 Nd7
8.Bf4 c6 9.Kc2 f6 10.Be3 e5 11.Nd2 a5 12.f4 Bc5 13.Bxc5 Nxc5 14.fxe5 fxe5
15.Bd3 Be6 16.Bc4 Ke7 17.Bxe6 Kxe6 18.Nb3 Nxb3 19.axb3 Rhf8 20.Rhf1 Rad8
21.Rad1 h5 22.Rxf8 Rxf8 23.Kd3 Rd8+ 24.Ke2 Rxd1 25.Kxd1 Kd6 26.b4 a4 27.c4 c5
28.b5 h4 29.Kc2 Ke6 30.Kd3 Kf6 31.Ke3 Kg5 32.Kf3 Kh5 33.b6 Kg5 34.h3 Kh5
35.Ke3 g5 36.Kf3 g4+ 37.Ke2 Kg5 38.Ke3 Kh5 39.Ke2 Kg5 40.Ke3 Kh5  1/2-1/2

[Event "TCh-AUT 2012-13"]
[Site "Graz AUT"]
[Date "2013.01.18"]
[Round "5.1"]
[White "Volokitin,And"]
[Black "Hracek,Z"]
[Result "1/2-1/2"]
[WhiteElo "2722"]
[BlackElo "2615"]

1.e4 e5 2.Nf3 Nc6 3.Bb5 Nf6 4.O-O Nxe4 5.d4 Nd6 6.Bxc6 dxc6 7.dxe5 Nf5 8.Qxd8+ Kxd8
9.h3 Ke8 10.Nc3 h5 11.Ne2 b6 12.Rd1 Bb7 13.Nfd4 Nxd4 14.Nxd4 Be7 15.Nf5 Bc8
16.Nxe7 Kxe7 17.Bg5+ Ke6 18.g4 hxg4 19.hxg4 Bb7 20.Kg2 c5+ 21.f3 Rh7 22.Rd8 f5
23.Kg3 fxg4 24.fxg4 Rh1 25.Rxh1 Bxh1 26.Kf4 Rxd8 27.Bxd8 Kd7 28.Bh4 Bd5 29.a3 Ke6
30.Bd8 Kd7 31.Bh4 Ke6  1/2-1/2

[Event "TCh-AUT 2012-13"]
[Site "St.Veit AUT"]
[Date "2013.03.22"]
[Round "9.1"]
[White "Lenic,L"]
[Black "Volokitin,And"]
[Result "1-0"]
[WhiteElo "2637"]
[BlackElo "2722"]

1.d4 Nf6 2.c4 g6 3.Nc3 d5 4.cxd5 Nxd5 5.e4 Nxc3 6.bxc3 c5 7.Bb5+ Bd7 8.Bxd7+ Nxd7
9.Nf3 Bg7 10.O-O O-O 11.Rb1 Qc7 12.Bg5 e6 13.Qd2 Nb6 14.Rfd1 Rfe8 15.h4 Na4
16.h5 Qc6 17.h6 Bh8 18.Re1 f6 19.Bh4 b5 20.e5 f5 21.Bg5 Rac8 22.Rec1 Nb6
23.Qe2 a6 24.Kh2 Rc7 25.Be3 Qe4 26.Ng5 Qh4+ 27.Nh3 Rec8 28.Bg5 Qe4 29.Qxe4 fxe4
30.Be3 Nd5 31.Nf4 Nxe3 32.fxe3 cxd4 33.exd4 Rxc3 34.Rxc3 Rxc3 35.a4 Rc4 36.Nxe6 Kf7
37.Ng5+ Ke7 38.axb5 Rxd4 39.bxa6 Bxe5+ 40.g3 Kf6 41.Nxh7+ Kf5 42.Rf1+ Kg4
43.Nf6+ Bxf6 44.Rxf6 e3 45.h7 Rd8 46.Rf4+ Kg5 47.Kg2 Ra8 48.Rh4  1-0

[Event "TCh-AUT 2012-13"]
[Site "St.Veit AUT"]
[Date "2013.03.23"]
[Round "10.1"]
[White "Volokitin,And"]
[Black "Babula,V"]
[Result "1/2-1/2"]
[WhiteElo "2722"]
[BlackElo "2585"]

1.e4 e5 2.Nf3 Nc6 3.d4 exd4 4.Nxd4 Bc5 5.Nb3 Bb4+ 6.c3 Be7 7.f4 d6 8.N1d2 Nf6
9.Bd3 O-O 10.O-O Re8 11.Qc2 g6 12.Nf3 Bf8 13.Bd2 Bg7 14.Rae1 d5 15.e5 Ne4
16.Bxe4 dxe4 17.Qxe4 Bf5 18.Qe3 Qd5 19.Qc5 Qd3 20.c4 Bf8 21.Qb5 Rab8 22.Rf2 Be6
23.Nc5 Bxc4 24.Qxc6 bxc6 25.Nxd3 Bxd3 26.Be3 c5 27.b3 c4 28.bxc4 Bxc4 29.Bxa7 Rb7
30.Rc1 Bxa2 31.Rxa2 Ra8 32.Nd4 Rbxa7 33.Rxa7 Rxa7 34.Nc6 Ra4 35.g3 Ra2 36.Nb8 Ra7
37.Nc6 Ra2 38.Nb8 Ra7 39.Nd7 Be7 40.Rc6 h5 41.Kg2 h4 42.gxh4 Bxh4 43.e6 fxe6
44.Rxe6 Kf7 45.Rc6 Kg7 46.Ne5 Bf6 47.Kf3 g5 48.Ng4 Be7 49.Re6 Ra3+ 50.Ke2 Bd6
51.f5 Bxh2 52.Rg6+ Kf8 53.f6 Bd6 54.Nh6 Ke8 55.Rxg5 Rh3 56.Rg6 Bf8 57.Ng4 Rh5
58.Rg7 Bxg7 59.fxg7 Rg5 60.g8=Q+ Rxg8 61.Nf6+ Kf7 62.Nxg8 Kxg8  1/2-1/2

[Event "TCh-ROU 2013"]
[Site "Mamaia ROU"]
[Date "2013.08.31"]
[Round "1.1"]
[White "Volokitin,And"]
[Black "Iordachescu,V"]
[Result "1-0"]
[WhiteElo "2688"]
[BlackElo "2609"]

1.e4 c6 2.d4 d5 3.e5 Bf5 4.Nf3 e6 5.Be2 Ne7 6.O-O h6 7.Nbd2 Nd7 8.Nb3 g5
9.Bd2 a5 10.a4 Bg7 11.Ne1 c5 12.Bb5 Nc6 13.c3 c4 14.Nc1 Na7 15.Bxd7+ Qxd7
16.Ne2 f6 17.exf6 Bxf6 18.Ng3 O-O 19.b3 e5 20.Nxf5 Qxf5 21.dxe5 Bxe5 22.Rb1 Qf7
23.Nf3 Bg7 24.Qc2 Nc6 25.Be3 Rad8 26.h3 Qd7 27.Nd2 g4 28.hxg4 Qxg4 29.bxc4 d4
30.cxd4 Nxd4 31.Bxd4 Qxd4 32.Ne4 Rde8 33.Ng3 Rf7 34.Rb5 Re5 35.Rxe5 Qxe5
36.Rd1 Bf8 37.Qg6+ Rg7 38.Qe4 Qxe4 39.Nxe4 Rc7 40.Rd4 Kf7 41.Nc3 Bc5 42.Re4 Rc6
43.Nd5 Re6 44.Rf4+ Kg7 45.Kf1 Re5 46.Nc3 Rh5 47.Ke2 Rh1 48.Rf5 Bb4 49.Nd5 Re1+
50.Kf3 Bd6 51.Ne3 b6 52.Rd5 Bc5 53.Rd1 Rxd1 54.Nxd1 Kf6 55.Ke4 h5 56.f4 Ke6
57.Ne3 Kd6 58.Nf5+ Kc6 59.Nd4+ Kd6 60.f5 Ke7 61.Ne6 Bf2 62.Nf4 h4 63.Ke5 Kf7
64.Nd5 Bc5 65.Kf4 Ke8 66.Kg5  1-0

[Event "TCh-ROU 2013"]
[Site "Mamaia ROU"]
[Date "2013.09.01"]
[Round "2.1"]
[White "Jianu,V"]
[Black "Volokitin,And"]
[Result "1/2-1/2"]
[WhiteElo "2550"]
[BlackElo "2688"]

1.Nf3 c5 2.c4 Nc6 3.Nc3 g6 4.g3 Bg7 5.Bg2 e6 6.d4 cxd4 7.Nb5 d5 8.cxd5 exd5
9.O-O Nf6 10.Nbxd4 O-O 11.b3 Ne4 12.Bb2 Qb6 13.Rc1 Re8 14.h3 Bd7 15.e3 Rac8
16.Ba1 Nb4 17.Rxc8 Rxc8 18.a3  1/2-1/2

[Event "TCh-ROU 2013"]
[Site "Mamaia ROU"]
[Date "2013.09.02"]
[Round "3.1"]
[White "Volokitin,And"]
[Black "Shishkin,Va UKR"]
[Result "1-0"]
[WhiteElo "2688"]
[BlackElo "2508"]

1.e4 c5 2.Nf3 d6 3.d4 cxd4 4.Nxd4 Nf6 5.Nc3 e6 6.g4 e5 7.Bb5+ Bd7 8.Bxd7+ Qxd7
9.Nf5 h5 10.gxh5 d5 11.h6 Nxe4 12.Nxe4 Qxf5 13.Qxd5 Qe6 14.hxg7 Bxg7 15.Qxb7 O-O
16.Qxa8 Nc6 17.Qb7 Nd4 18.Be3 Nxc2+ 19.Kd2 Qc4 20.Nc3 Nb4 21.Qe4 Rd8+ 22.Kc1 Nd3+
23.Kb1 Qe6  1-0

[Event "TCh-ROU 2013"]
[Site "Mamaia ROU"]
[Date "2013.09.03"]
[Round "4.1"]
[White "Miroshnichenko,E"]
[Black "Volokitin,And"]
[Result "1/2-1/2"]
[WhiteElo "2619"]
[BlackElo "2688"]

1.c4 c5 2.Nc3 g6 3.g3 Bg7 4.Bg2 Nc6 5.e3 Nh6 6.Nf3 d6 7.O-O O-O 8.h3 e5 9.d4 exd4
10.exd4 Nf5 11.dxc5 dxc5 12.Qxd8 Rxd8  1/2-1/2

[Event "TCh-ROU 2013"]
[Site "Mamaia ROU"]
[Date "2013.09.04"]
[Round "5.1"]
[White "Volokitin,And"]
[Black "Cioara,A"]
[Result "1-0"]
[WhiteElo "2688"]
[BlackElo "2462"]

1.e4 d5 2.exd5 Nf6 3.Nf3 Qxd5 4.Nc3 Qa5 5.d4 c6 6.Bd2 Bg4 7.h3 Bh5 8.g4 Bg6
9.Ne5 e6 10.h4 Qb6 11.Qe2 Bb4 12.O-O-O Bxc3 13.Bxc3 Be4 14.Rh3 Bd5 15.Be1 Bxa2
16.Ra3 Bd5 17.Ba5 Qa6 18.c4 b6 19.Bb4 Qb7 20.cxd5 cxd5 21.Bd6 Nbd7 22.Qa6  1-0

[Event "TCh-ROU 2013"]
[Site "Mamaia ROU"]
[Date "2013.09.05"]
[Round "6.1"]
[White "Timoshenko,G"]
[Black "Volokitin,And"]
[Result "1/2-1/2"]
[WhiteElo "2518"]
[BlackElo "2688"]

1.d4 Nf6 2.c4 g6 3.Nc3 d5 4.cxd5 Nxd5 5.Bd2 Bg7 6.e4 Nxc3 7.Bxc3 O-O 8.Qd2 c5
9.d5 e6 10.Bc4 exd5 11.Bxd5 Nd7 12.Bxg7 Kxg7 13.Ne2 Nf6 14.Qc3 Kg8 15.Qxc5 b6
16.Qd4 Nxd5 17.Qxd5 Qxd5 18.exd5 Re8 19.Kd2 Bb7 20.Nc3 Bxd5 21.f3 b5 22.Rhe1 Red8
23.Nxd5 Rxd5+ 24.Ke2 Re8+ 25.Kf1 Rc8 26.Rac1 Rxc1 27.Rxc1 Rd2 28.Rc8+ Kg7
29.Ra8 Rxb2 30.Rxa7 b4 31.Ra6 h5 32.h4 Kf8 33.Ra7 f5 34.Kg1 b3  1/2-1/2

[Event "TCh-ROU 2013"]
[Site "Mamaia ROU"]
[Date "2013.09.06"]
[Round "7.1"]
[White "Volokitin,And"]
[Black "Erdos,V"]
[Result "1/2-1/2"]
[WhiteElo "2688"]
[BlackElo "2650"]

1.e4 e5 2.Nf3 Nc6 3.Bb5 a6 4.Ba4 Nf6 5.O-O Nxe4 6.d4 b5 7.Bb3 d5 8.dxe5 Be6
9.Nbd2 Be7 10.c3 O-O 11.Bc2 f5 12.Nb3 Qd7 13.Nbd4 Nxd4 14.Nxd4 c5 15.Nxe6 Qxe6
16.f3 Ng5 17.a4 g6 18.Be3 Qc6 19.b4 Ne6 20.bxc5 Bxc5 21.Bxc5 Qxc5+  1/2-1/2

[Event "TCh-ROU 2013"]
[Site "Mamaia ROU"]
[Date "2013.09.07"]
[Round "8.1"]
[White "Volokitin,And"]
[Black "Nyzhnyk,I"]
[Result "1-0"]
[WhiteElo "2688"]
[BlackElo "2625"]

1.e4 e6 2.d4 d5 3.Nc3 Nf6 4.e5 Nfd7 5.f4 c5 6.Nf3 Nc6 7.Be3 a6 8.Qd2 Qb6
9.O-O-O Qa5 10.dxc5 Nxc5 11.Kb1 b5 12.f5 Na4 13.fxe6 fxe6 14.Nxa4 Qxd2 15.Rxd2 bxa4
16.a3 Be7 17.c4 O-O 18.cxd5 exd5 19.Rxd5 Rb8 20.Bc4 Kh8 21.Bc5 Be6 22.Bxe7 Bxd5
23.Bxf8 Bxc4 24.Bd6 Rc8 25.Rc1 Na5 26.Rc3 Nb3 27.Kc2 h6 28.Ne1 Nd4+ 29.Kd2 Nb5
30.Rc1 Nd4 31.Ke3 Nf5+ 32.Kf2 Kg8 33.Nd3 Kf7 34.g4 Nd4 35.Nc5 Bb5 36.Rc3 Re8
37.Nxa4 Bxa4 38.Rc4 Bb5 39.Rxd4 Rc8 40.Bb4 Rc2+ 41.Rd2 Rxd2+ 42.Bxd2 Ke6
43.Kg3 Be2 44.Bc3 Bd1 45.h4 g6 46.Kf4 Kd5 47.Bb4 Bc2 48.Bf8 h5 49.gxh5 gxh5
50.b4 Ke6 51.Bd6 Bf5 52.a4 Bd3 53.Kg5 Be2 54.Kg6 Kd7 55.Kf6 Bc4 56.b5 axb5
57.a5  1-0

[Event "TCh-AUT 1st Bundesliga 2013-14"]
[Site "Jenbach AUT"]
[Date "2013.12.07"]
[Round "2.1"]
[White "Baumegger,S"]
[Black "Volokitin,And"]
[Result "0-1"]
[WhiteElo "2471"]
[BlackElo "2678"]

1.d4 Nf6 2.c4 g6 3.Nc3 d5 4.cxd5 Nxd5 5.Bd2 Bg7 6.e4 Nxc3 7.Bxc3 O-O 8.Qd2 Nc6
9.Nf3 Bg4 10.d5 Bxf3 11.gxf3 Ne5 12.Be2 c6 13.f4 Nd7 14.Bxg7 Kxg7 15.dxc6 bxc6
16.O-O-O Nf6 17.Qxd8 Rfxd8 18.Bf3 Kh6 19.Rhg1 Nh5 20.Bxh5 Kxh5 21.Rg5+ Kh4
22.Rdg1 Rd3 23.R1g3 Rxg3 24.hxg3+ Kh3 25.Kd2 Rb8 26.Ra5 Rxb2+ 27.Ke3 Rb7
28.Kf3 h5 29.Rc5 Rc7 30.Rc1 Kh2 31.Rc5 Rc8 32.f5 g5 33.Re5 Rc7 34.Rc5 f6
35.Rc2 c5 36.e5 c4 37.Ke4 Kh3 38.Kd5 fxe5 39.Kxe5 c3 40.f6 exf6+ 41.Kxf6 Kg4  0-1

[Event "TCh-AUT 1st Bundesliga 2013-14"]
[Site "Jenbach AUT"]
[Date "2013.12.08"]
[Round "3.1"]
[White "Volokitin,And"]
[Black "Melkumyan,H"]
[Result "0-1"]
[WhiteElo "2678"]
[BlackElo "2630"]

1.e4 e5 2.Nf3 Nc6 3.Bb5 a6 4.Ba4 Nf6 5.O-O Be7 6.d3 b5 7.Bb3 d6 8.a4 Bd7
9.h3 O-O 10.Be3 Na5 11.Ba2 c5 12.axb5 axb5 13.Nc3 c4 14.Bg5 b4 15.Bxf6 bxc3
16.Bxe7 Qxe7 17.bxc3 Be6 18.Re1 h6 19.Nd2 Rac8 20.Nf1 Rc5 21.Ne3 Rb8 22.Bxc4 Nxc4
23.dxc4 Qc7 24.Ra6 Rb6 25.Rxb6 Qxb6 26.Qd3 Kh7 27.Ra1 Rc6 28.Kh2 Qc5 29.Ra4 Rb6
30.Qd2 Qc6 31.Rb4 Ra6 32.Qd3 Ra1 33.Nd5 Qc5 34.Qe3 Rf1 35.Kg3 Qc8 36.Kh2 Qc5
37.Rb5 Qa3 38.Rb8 Qa1 39.Kg3 Rh1 40.f3 Qf1 41.f4 h5 42.f5 Bxd5 43.cxd5 Rg1
44.Kh4 Qxg2 45.c4 Rf1 46.Rb3 Rf4+ 47.Qxf4 exf4 48.e5 Kh6  0-1

[Event "TCh-AUT 1st Bundesliga 2013-14"]
[Site "Wolfsberg AUT"]
[Date "2014.01.30"]
[Round "4.2"]
[White "Lenic,L"]
[Black "Volokitin,And"]
[Result "1/2-1/2"]
[WhiteElo "2651"]
[BlackElo "2678"]

1.Nf3 Nf6 2.c4 g6 3.Nc3 d5 4.cxd5 Nxd5 5.e4 Nxc3 6.dxc3 Qxd1+ 7.Kxd1 f6 8.Be3 e5
9.Kc2 Nd7 10.Nd2 a5 11.a4 Bc5 12.Nc4 Ke7 13.f3 Bxe3 14.Nxe3 Nb6 15.Nc4 Nxc4
16.Bxc4 h5 17.h4 Rd8 18.Rhd1 Be6 19.Bxe6 Kxe6 20.Rxd8 Rxd8 21.g4 Rh8 22.Rh1 Rd8
23.Rh2 Rd7 24.Rh1 Rd8 25.Rh2 Rd7 26.Rh1 Rd8  1/2-1/2

[Event "TCh-AUT 1st Bundesliga 2013-14"]
[Site "Wolfsberg AUT"]
[Date "2014.01.31"]
[Round "5.5"]
[White "Volokitin,And"]
[Black "Bromberger,S"]
[Result "1-0"]
[WhiteElo "2678"]
[BlackElo "2500"]

1.e4 e5 2.Nf3 Nc6 3.Bb5 a6 4.Bxc6 dxc6 5.O-O f6 6.d4 Bg4 7.c3 exd4 8.cxd4 c5
9.h3 Bh5 10.Qb3 cxd4 11.Qxb7 Ne7 12.Nxd4 Rb8 13.Qa7 Rb6 14.Be3 Bg6 15.Nc3 c5
16.Nf5 Bxf5 17.Bxc5 Rc6  1-0

[Event "TCh-AUT 1st Bundesliga 2013-14"]
[Site "Wolfsberg AUT"]
[Date "2014.02.01"]
[Round "6.3"]
[White "Babula,V"]
[Black "Volokitin,And"]
[Result "1/2-1/2"]
[WhiteElo "2584"]
[BlackElo "2678"]

1.d4 Nf6 2.c4 g6 3.Nc3 d5 4.cxd5 Nxd5 5.e4 Nxc3 6.bxc3 Bg7 7.Qa4+ Nd7 8.Nf3 O-O
9.Be2 c5 10.O-O Nf6 11.e5 Nd5 12.Bd2 cxd4 13.cxd4 Bd7 14.Qb3 Bc6 15.Bb5 Qd7
16.a4 Rfc8 17.Rfc1 Bxb5 18.Rxc8+ Rxc8 19.axb5 b6 20.h4 h6 21.Qd3 Rc7 22.Re1 e6
23.h5 g5 24.Nh2 Ne7 25.f4 gxf4 26.Bxf4 Nf5 27.Nf3 Qd5 28.g4 Ne7 29.Rf1 Qa2
30.Rf2 Qa1+  1/2-1/2

[Event "TCh-AUT 1st Bundesliga 2013-14"]
[Site "Wolfsberg AUT"]
[Date "2014.02.02"]
[Round "7.4"]
[White "Volokitin,And"]
[Black "Luther,T"]
[Result "0-1"]
[WhiteElo "2678"]
[BlackElo "2556"]

1.e4 e6 2.d4 d5 3.Nc3 Nf6 4.e5 Nfd7 5.f4 c5 6.Nf3 Nc6 7.Be3 cxd4 8.Nxd4 Bc5
9.Qd2 Nxd4 10.Bxd4 Bxd4 11.Qxd4 Qb6 12.Qxb6 Nxb6 13.Nb5 Ke7 14.O-O-O Bd7
15.Nd4 a6 16.Bd3 Bb5 17.Bxb5 axb5 18.Kb1 b4 19.Ne2 Nc4 20.Rd4 Rhc8 21.Rc1 Rc6
22.Re1 Rac8 23.Nc1 Rb6 24.Nd3 b3 25.cxb3 Nd2+ 26.Ka1 Rbc6 27.f5 Rc2 28.fxe6 fxe6
29.Rf4 g5 30.Rf6 Ne4 31.Rh6 Kf7 32.g4 Kg7 33.Rxe6 Nf2 34.Re7+ Kg8 35.Rxb7 Nxd3
36.Rb1 Nxe5 37.a4 d4 38.Re1 Rc1+ 39.Rxc1 Rxc1+ 40.Ka2 d3 41.Rb8+ Kf7 42.Rd8 Nc6  0-1

[Event "15th ch-EUR Indiv 2014"]
[Site "Yerevan ARM"]
[Date "2014.03.03"]
[Round "1.28"]
[White "Volokitin,And"]
[Black "Schachinger,M"]
[Result "1/2-1/2"]
[WhiteElo "2674"]
[BlackElo "2398"]

1.e4 e5 2.Nf3 Nc6 3.Bb5 Nf6 4.O-O Nxe4 5.d4 Nd6 6.Bxc6 dxc6 7.dxe5 Nf5 8.Qxd8+ Kxd8
9.h3 Ke8 10.Nc3 h5 11.Ne2 b6 12.Rd1 Ba6 13.Ned4 Nxd4 14.Nxd4 c5 15.Nf5 Be2
16.Rd2 Bc4 17.Ne3 Be6 18.b3 Rd8 19.Rxd8+ Kxd8 20.c4 c6 21.g4 hxg4 22.hxg4 Be7
23.f4 Rh4 24.f5 Bc8 25.Kg2 Bg5 26.Kg3 Rh1 27.Kg2 Rh4 28.Kg3 Rh1 29.Kg2 Re1
30.Kf2 Bh4+ 31.Kf3 Bg5 32.Kf2 Bh4+ 33.Kf3 Bg5 34.Ke4  1/2-1/2

[Event "TCh-AUT 1st Bundesliga 2013-14"]
[Site "Sankt Veit an der Glan AUT"]
[Date "2014.03.20"]
[Round "8.1"]
[White "Rozentalis,E"]
[Black "Volokitin,And"]
[Result "0-1"]
[WhiteElo "2622"]
[BlackElo "2678"]

1.e4 c5 2.Nf3 e6 3.c3 d5 4.exd5 Qxd5 5.d4 Nf6 6.a3 Nc6 7.Be3 Be7 8.Bd3 O-O
9.O-O b6 10.Qe2 Bb7 11.Rd1 Ng4 12.Nbd2 cxd4 13.cxd4 Nxe3 14.fxe3 Rac8 15.Rac1 g6
16.Be4 Qh5 17.b4 Bd6 18.Qf2 f5 19.Bd3 Ne7 20.Nc4 Bb8 21.Nce5 Qh6 22.Nd7 Bxf3
23.gxf3 Rxc1 24.Rxc1 Bxh2+ 25.Kg2 Nd5 26.f4 Bxf4 27.Nxf8 Bxe3 28.Qf3 Qg5+
29.Kh1 Nf4  0-1

[Event "TCh-AUT 1st Bundesliga 2013-14"]
[Site "Sankt Veit an der Glan AUT"]
[Date "2014.03.21"]
[Round "9.1"]
[White "Volokitin,And"]
[Black "Prohaszka,P2"]
[Result "1/2-1/2"]
[WhiteElo "2678"]
[BlackElo "2578"]

1.e4 e5 2.Nf3 Nc6 3.Bb5 Nf6 4.O-O Nxe4 5.d4 Nd6 6.Bxc6 dxc6 7.dxe5 Nf5 8.Qxd8+ Kxd8
9.Nc3 Ke8 10.Ne2 b6 11.Re1 c5 12.Bf4 Bb7 13.Ng3 Bxf3 14.Nxf5 Bg4 15.Ne3 Be6
16.Rad1 c6 17.g4 h5 18.h3 c4 19.Kg2 Bc5 20.Kg3 hxg4 21.hxg4 Bxe3 22.Bxe3 Rd8
23.Bg5 Rxd1 24.Rxd1 Bd5 25.Bh4 Kd7 26.f4 g6 27.c3 Kc7 28.Rd2 b5 29.f5 gxf5
30.gxf5 Kd7 31.Kg4 Rg8+ 32.Bg5 Rh8 33.Be3 Rg8+ 34.Kh5 Rg2 35.Rxg2 Bxg2 36.Kh6 Be4
37.e6+ Ke8 38.Kg7 Bd5 39.exf7+ Bxf7 40.Bxa7 Bd5 41.Bc5 Bf7 42.Kf6 Bg8 43.Bf2 Bf7
44.Bg3 Bg8 45.Ke5 Kd7 46.Kd4 Bh7 47.a4 bxa4 48.f6 Bg8 49.Kc5 Bf7 50.Kb4 Bg8
51.Kxa4 Bf7 52.Kb4 Bg8 53.Kc5  1/2-1/2

[Event "TCh-AUT 1st Bundesliga 2013-14"]
[Site "Sankt Veit an der Glan AUT"]
[Date "2014.03.22"]
[Round "10.1"]
[White "Kozul,Z"]
[Black "Volokitin,And"]
[Result "1/2-1/2"]
[WhiteElo "2590"]
[BlackElo "2678"]

1.d4 Nf6 2.Nf3 g6 3.c4 Bg7 4.Nc3 d5 5.cxd5 Nxd5 6.e4 Nxc3 7.bxc3 c5 8.Be3 Qa5
9.Qd2 Nc6 10.Rb1 cxd4 11.cxd4 O-O 12.Qxa5 Nxa5 13.Bd3 Bg4 14.Ke2 e6 15.e5 f6
16.Be4 fxe5 17.dxe5 Bxe5 18.h3 Bxf3+ 19.Bxf3 Rac8 20.Rhd1 b6 21.Bg4 Rfe8
22.Rd7 h5 23.Bf3 Rc7 24.Rxc7 Bxc7 25.Rc1 Be5 26.Be4 Kf7 27.f4 Bd6 28.h4 Re7
29.Rc8 Nb7 30.Rh8 Kg7 31.Ra8 Nc5 32.Bc2 a5 33.Rc8 e5 34.f5 gxf5 35.Bxf5 Ne6
36.Bxe6 Rxe6 37.Rc6 Kf7 38.Rxb6 Be7 39.Rb5 Bxh4 40.Rxa5 Kg6 41.Ra8 Kf5 42.a4 Rg6
43.a5 Ke4 44.a6 Rxg2+ 45.Kf1 Ra2 46.Bb6 Ra1+ 47.Ke2 Ra2+ 48.Kf1 Ra1+ 49.Ke2 Ra2+
50.Kf1  1/2-1/2

[Event "TCh-AUT 1st Bundesliga 2013-14"]
[Site "Sankt Veit an der Glan AUT"]
[Date "2014.03.23"]
[Round "11.1"]
[White "Volokitin,And"]
[Black "Ragger,M"]
[Result "1/2-1/2"]
[WhiteElo "2678"]
[BlackElo "2646"]

1.e4 e5 2.Nf3 Nc6 3.Bb5 Nf6 4.O-O Nxe4 5.d4 Nd6 6.dxe5 Nxb5 7.a4 Nbd4 8.Nxd4 Nxd4
9.Qxd4 d5 10.exd6 Qxd6 11.Qe3+ Be6 12.Nc3 a6 13.Rd1 Qc6 14.Rd3 Be7 15.Qg3 Bf6
16.Bg5 Bxg5 17.Qxg5 O-O 18.Rg3 g6 19.Re1 Rae8 20.h4 f6 21.Qf4 Bf7 22.Re4 Kg7
23.Rd3 Rxe4 24.Nxe4 Re8 25.f3 Re6 26.Rc3 Qb6+ 27.Kh2 Rc6 28.a5 Qb5 29.b4 Qd5
30.Rd3 Qh5 31.Ng3 Qb5 32.h5 Qg5 33.Qxg5 fxg5 34.Ne4 gxh5 35.Rd7 Kg6 36.Nxg5 Kxg5
37.Rxf7 Rxc2 38.Rxh7 Rc4 39.g3 b5 40.axb6 cxb6 41.Ra7 Rxb4 42.Rxa6 h4 43.Kh3  1/2-1/2